00683nam a2200241 a 4500001001300000003000900013005001700022008004100039020001000080082001300090100002100103245004900124260003800173300000900211500003500220505001000255650001600265700002100281902000800302942000700310952010900317999001500426nice12345678IN_TiNIC20260116011646.0050524s1964 newa grp 000 0 eng  ac3.500a234bWIL aWilletts, Alfred aWhat the New Testament Say About Forgiveness aNew YorkbAssociation Pressc1964 a127p aincludes index and biblioraphy2 aIndex aForgiveness1 aWilletts, Alfred bSRS cBK 001040708StackRoom-aHMIbHMId2007-06-20g3.50l0o234 WILp05723r2007-06-20v3.50w2005-05-24yBK c3202d3202